Transferové oceňovanie

V praxi majú daňové subjekty záujem tvoriť zisk (základ dane) tam, kde je to pre nich daňovo výhodnejšie. Presun zisku sa spravidla realizuje cez cielené oceňovanie výrobkov, služieb a iných plnení napr. úrokov. Odtiaľ vznikol pracovný názov - transferové oceňovanie. Z medzinárodného pohľadu sa v do...

ver descrição completa

Na minha lista:
Detalhes bibliográficos
Autor principal: Pastierik, Vladimír
Formato: Capítulo de Livro
Idioma:eslovaco
Assuntos:
Tags: Adicionar Tag
Sem tags, seja o primeiro a adicionar uma tag!

MARC

LEADER 00000naa a2200000 4500
001 0268667
005 20200924110114.3
041 0 |a slo 
044 |a SK 
245 1 0 |a Transferové oceňovanie  |c Vladimír Pastierik 
520 |a V praxi majú daňové subjekty záujem tvoriť zisk (základ dane) tam, kde je to pre nich daňovo výhodnejšie. Presun zisku sa spravidla realizuje cez cielené oceňovanie výrobkov, služieb a iných plnení napr. úrokov. Odtiaľ vznikol pracovný názov - transferové oceňovanie. Z medzinárodného pohľadu sa v domovskej krajine produkt ocení len na úrovni nákladov (bez zisku) a zisk sa vytvorí predajom v krajine s priaznivejším zdanením. 
610 2 0 |a zisk 
610 2 0 |a náklady 
610 2 0 |a základ dane 
610 2 0 |a produkty 
610 2 0 |a oceňovanie transferové 
100 1 |a Pastierik, Vladimír